Corporate Mascots Quiz Stats

 Plays Quiz Updated Jul 19, 2018

Score 0/25 Timer 05:00
7 Plays Today
Question Answer Wrong Answers
McDonald's
95.8%
Burger King
0.2%
Wendy's
0.2%
Jack in the Box
0.2%
Lucky Charms
94.9%
Trix
1.1%
Cheerios
0.6%
Fruit Brute
0.4%
Cheetos
94.3%
Fritos
1.2%
Doritos
1.7%
Pringles
0.2%
United States Forest Service
94.1%
Six Flags
1%
WWF
2.6%
Association of Zoo's & Aquariums
1.7%
Frosted Flakes
93.6%
Corn Flakes
3.5%
Cookie Crisp
0.2%
Fruity Pebbles
0.2%
National Crime Prevention Council
93.3%
Join the Best in Blue
2.5%
Unsolved Mysteries
1.5%
America's Most Wanted
1.5%
Little Caesars
93.1%
Pizza Hut
2.1%
Jet's
0.9%
Olive Garden
1%
Green Giant
92.3%
Del Monte
3.1%
Van Camp's
0.5%
Crosse & Blackwell
0.6%
SeaWorld
92.1%
Animal Kingdom
0.8%
Georgia Aquarium
0.5%
Marine World
4.3%
Pillsbury
92.1%
General Mills
1.5%
Blue Riband
1.2%
Betty Crocker
1.7%
Michelin
90.5%
Goodyear
5.1%
Firestone
0.8%
Bridgestone
1.2%
Planters
90.1%
Best Nut Brands
5.6%
Jif
2.7%
Smuckers
1%
Coca-Cola
86.8%
ICEE
7.4%
A&W Root Beer
2.4%
Charmin
1.2%
Hamburger Helper
86.3%
Arby's
2.8%
Homestyle Bakes
5.3%
Rice-A-Roni
2.6%
Dos Equis
84.5%
Corona
7.4%
Modelo
3.2%
Pacifico
2%
Little Debbie
84.4%
Wendy's
8.2%
Hostess
2.9%
Dolly Madison
2%
Aflac
84.1%
Allstate
4.8%
Progressive
3.9%
Geico
4.1%
Taco Bell
83.9%
Del Taco
6.8%
Chipotle
4.7%
Moe's Southwest Grill
4.1%
Brawny
76%
Mr. Clean
2.8%
Mr. Muscle
4.1%
Lumberjack
14.2%
Butterfinger
74.9%
Snickers
6.4%
Reese's
6.3%
Payday
8.9%
Tootsie Pops
73.9%
Tootsie Roll
15%
Sugar Daddy
1.7%
Blow Pops
8%
StarKist
67.7%
Bumble Bee
2.6%
Chicken of the Sea
25.3%
Geisha
1.3%
Snuggle
65.5%
Downy
17.4%
Bounce
4.1%
Huggie
9.7%
Owens Corning
45.2%
CertainTeed
4.4%
Roxul
6%
Thermafiber
42.3%
Domino's
44.3%
Arby's
8.5%
Quizno's
25.3%
Hardees
18.3%

You're not logged in!

Compare scores with friends on all Sporcle quizzes.
OR
Log In

You Might Also Like...

Show Comments

Extras

Top Quizzes Today


Score Distribution

Your Account Isn't Verified!

In order to create a playlist on Sporcle, you need to verify the email address you used during registration. Go to your Sporcle Settings to finish the process.

Report this User

Report this user for behavior that violates our Community Guidelines.

Details: